000 00559nam a2200229Ia 4500
003 20180611135332.0
005 20180611135548.0
008 170918s9999 xx 000 0 und d
020 _a9780590454193
050 _bH273 1993
100 _aHaskins, Jim
245 _aGet on board :
_bthe story of the underground railroad /
245 _cby Jim Haskins.
260 _aNew York :
260 _bScholastic,
260 _c1993
300 _a152 pages :
300 _billustration ;
300 _c19cm.
500 _a1180
942 _2ddc
_cBK
999 _c344255
_d344255